000 00644nam a2200205Ia 4500
003 IN-BaIIA
008 211028s9999 xx 000 0 eng d
020 _a0-521-32681-8
040 _cIIA Library
080 _a524.354.4
_bLYN
100 _aLyne, A. G.
_916938
245 0 _aPulsar astronomy
_cA. G. Lyne and F. Graham-Smith
260 _aCambridge
_bCambridge University Press
_c1990
300 _axiv, 274p.
490 _aCambridge astrophysics series; 16
650 _aAstronomy and astrophysics thesaurus
650 _aPulsars
_97214
700 _aGraham-Smith, F
_916939
942 _cBK
999 _c9977
_d9977